~*Mitski - I want you lyrics*~ - Statistics

General Stats
  • This quiz has been taken 346 times
  • The average score is 118 of 133
Answer Stats
Hint Answer % Correct
mitski I
100%
when
99%
you
99%
want
98%
a
96%
the
96%
and
95%
youre
95%
you're
95%
back
92%
its
92%
of
92%
end
91%
love
91%
world
91%
can
90%
coming
90%
where
88%
am
87%
darling
87%
here
87%
in
87%
car
86%
over
85%
but
84%
we're
83%
house
82%
how
82%
starting
82%
done
81%
scream
81%
need
79%
place
79%
quiet
79%
no
78%
just
77%
there
76%
hold
75%
floor
74%
was
74%
one
73%
that
73%
through
69%
cant
67%
card
64%
stepped
63%
use
63%
door
62%
found
53%
dear
52%
No matching quizzes found
Score Distribution
Percent of People with Each Score
Percentile by Number Answered
Your Score History
You have not taken this quiz